Name a Valid AC/DC Song - Statistics

General Stats
  • This quiz has been taken 53 times
  • The average score is 7 of 10
Answer Stats
Hint Answer % Correct
Top 10 Most Streamed Songs It's a Long Way to the Top (If You Wanna Rock N Roll) | Dirty Deeds Done Dirt Cheap | Whole Lotta Rosie | Hells Bells | T.N.T. | Shoot to Thrill | You Shook Me All Night Long | Highway to Hell | Thunderstruck | Back in Black
93%
Is a Single Can I Sit Next to You Girl | Love Song | High Voltage | It's a Long Way to the Top (If You Wanna Rock N Roll) | T.N.T. | Jailbreak | Dirty Deeds Done Dirt Cheap | Love at First Feel | Dog Eat Dog | Let There Be Rock | Whole Lotta Rosie | Rock N Roll Damnation | Girls Got Rhythm | Highway to Hell | Touch Too Much | You Shook Me All Night Long | Rock and Roll Ain't Noise Pollution | Back in Black | Big Balls | Let's Get It Up | For Those About to Rock (We Salute You) | Guns for Hire | Nervous Shakedown | Flick of the Switch | Danger | Sink the Pink | Shake Your Foundations | Who Made Who | Heatseeker | That's the Way I Wanna Rock N Roll | Thunderstruck | Moneytalks | Are You Ready | Rock Your Heart Out | Big Gun | Hard as a Rock | Hail Caesar | Cover You in Oil | Dirty Eyes | Stiff Upper Lip | Safe in New York City | Satellite Blues | Rock N Roll Train | Big Jack | Anything Goes | Money Made | Play Ball | Rock or Bust | Rock the Blues Away | Shot in the Dark | Realize | Through the Mists of Time
90%
One Word T.N.T. | Rocker | Squealer | Jailbreak | Overdose | Snowballed | C.O.D. | Spellbound | Landslide | Badlands | Danger | D.T. | Heatseeker | Meanstreak | Thunderstruck | Moneytalks | Ballbreaker | Meltdown | Cyberspace | Damned | Wheels | Decibel | Realize | Rejection
88%
Over 5 Minutes Long Baby Please Don't Go | Little Lover | Soul Stripper | Love Song | It's a Long Way to the Top (If You Wanna Rock N Roll) | Rock N Roll Singer | The Jack | Live Wire | School Days | Ain't No Fun (Waiting Around to be a Millionaire) | Problem Child | Squealer | Ride On | Go Down | Let There Be Rock | Overdose | Whole Lotta Rosie | Down Payment Blues | Gone Shootin' | Riff Raff | Walk All Over You | Night Prowler | Hells Bells | Shoot to Thrill | For Those About to Rock (We Salute You) | Two's Up | The Honey Roll | Burnin' Alive | Hail Caesar
80%
Has "Love" in the title Little Lover | Love Song | Love at First Feel | Love Hungry Man | Let Me Put My Love Into You | Shot of Love | Love Bomb
73%
On "Fly on the Wall" Fly on the Wall | Shake Your Foundations | First Blood | Danger | Sink the Pink | Playing with Girls | Stand Up | Hell or High Water | Back in Business | Send for the Man
65%
Has "Song" in the title Love Song
63%
B-Side of a Single Rockin' in the Parlour | Baby Please Don't Go | Soul Stripper | Can I Sit Next to You Girl | Rocker | Fling Thing | Show Business | R.I.P. (Rock in Peace) | Problem Child | Carry Me Home | Dog Eat Dog | Sin City | T.N.T. | If You Want Blood (You've Got It) | Have a Drink on Me | Hells Bells | What Do You Do for Money Honey | Snowballed | Back in Black | Let There Be Rock | Landslide | Rock and Roll Ain't Noise Pollution | Badlands | Back in Business | Hell or High Water | Stand Up | Jailbreak | Guns for Hire | Go Zone | Snake Eye | Kissin' Dynamite | Borrowed Time | Fire Your Guns | Mistress for Christmas | Down on the Borderline | Got You by the Balls | Caught With Your Pants Down | Whiskey on the Rocks | Whole Lotta Rosie | Love Bomb | Ballbreaker | Cyberspace | War Machine | Big Jack | Play Ball
60%
instrumental D.T. | Chase the Ace
35%
Has "Time" in the title Borrowed Time
23%
No matching quizzes found
Score Distribution
Percent of People with Each Score
Percentile by Number Answered
Your Score History
You have not taken this quiz